[Event "Titled Tuesday intern op 27th Feb Late"]
[Site "Chess.com INT"]
[Date "2024.02.27"]
[Round "3"]
[White "Cuevas Araya, Walter"]
[Black "Batista Rosas, Nicolas Arturo"]
[Result "1-0"]
[WhiteElo "2066"]
[BlackElo "2131"]
[PlyCount "65"]
[EventDate "2024.02.27"]
[EventType "swiss (blitz)"]
[EventRounds "11"]
[EventCountry "USA"]
[SourceTitle "CB10_2024"]
[SourceDate "2024.03.06"]
[SourceVersion "1"]
[SourceVersionDate "2024.03.06"]
[SourceQuality "1"]

1. e4 c6 2. d4 d5 3. exd5 cxd5 4. Bd3 Nc6 5. c3 Nf6 6. Bf4 g6 7. Nf3 Bg7 8. h3 0-0 9. 0-0 Bf5 10. Re1 Rc8 11. Bf1 Qb6 12. b3 Ne4 13. Nfd2 Nxd4 14. Nxe4 dxe4 15. cxd4 Bxd4 16. Be3 Bxe3 17. fxe3 Rfd8 18. Qe2 Bd7 19. Nd2 a6 20. Rac1 Bb5 21. Nc4 Bxc4 22. Rxc4 Rxc4 23. Qxc4 Qa5 24. Re2 Qf5 25. Qc2 e6 26. Rf2 Qe5 27. Rf4 Qa1 28. Qxe4 Qxa2 29. b4 Rd2 30. Qxb7 e5 31. Rf3 Rd6 32. Qb8+ Rd8 33. Qxd8+ 1-0

[Event "Titled Tuesday intern op 27th Feb Late"]
[Site "Chess.com INT"]
[Date "2024.02.27"]
[Round "1"]
[White "Nasuta, Grzegorz"]
[Black "Batista Rosas, Nicolas Arturo"]
[Result "1-0"]
[WhiteElo "2558"]
[BlackElo "2131"]
[PlyCount "77"]
[EventDate "2024.02.27"]
[EventType "swiss (blitz)"]
[EventRounds "11"]
[EventCountry "USA"]
[SourceTitle "CB10_2024"]
[SourceDate "2024.03.06"]
[SourceVersion "1"]
[SourceVersionDate "2024.03.06"]
[SourceQuality "1"]

1. e4 c6 2. d4 d5 3. e5 c5 4. dxc5 e6 5. a3 Bxc5 6. Nf3 Nc6 7. b4 Bb6 8. Bd3 Nge7 9. 0-0 Ng6 10. Re1 0-0 11. Nbd2 f6 12. Bxg6 hxg6 13. Bb2 fxe5 14. Bxe5 Nxe5 15. Rxe5 Qf6 16. c4 Bd4 17. Nxd4 Qxe5 18. N2f3 Qf6 19. Qe2 Bd7 20. Ne5 Bc6 21. c5 Qh4 22. Rd1 Rf6 23. f3 a6 24. Ng4 Ba4 25. Re1 Kh8 26. g3 Qg5 27. f4 Qh5 28. Nxf6 Qxe2 29. Rxe2 gxf6 30. Rxe6 Kg7 31. Re7+ Kh6 32. Rxb7 Re8 33. c6 Re3 34. c7 Rc3 35. Ne6 Bd7 36. Nc5 Bh3 37. Rb8 d4 38. Rh8+ Kg7 39. Rxh3 1-0

[Event "Titled Tuesday intern op 13th Feb Early"]
[Site "Chess.com INT"]
[Date "2024.02.13"]
[Round "1"]
[White "Batista Rosas, Nicolas Arturo"]
[Black "Garcia Blanco, Omar"]
[Result "0-1"]
[WhiteElo "2131"]
[BlackElo "2375"]
[PlyCount "46"]
[EventDate "2024.02.13"]
[EventType "swiss (blitz)"]
[EventRounds "11"]
[EventCountry "USA"]
[SourceTitle "CB08_2024"]
[SourceDate "2024.02.21"]
[SourceVersion "1"]
[SourceVersionDate "2024.02.21"]
[SourceQuality "1"]

1. d4 d5 2. c4 e6 3. Nc3 Nf6 4. Bg5 Bb4 5. e3 0-0 6. Nf3 h6 7. Bh4 Nbd7 8. cxd5 exd5 9. Bd3 c6 10. Qc2 Re8 11. 0-0-0 Qa5 12. g4 Bxc3 13. bxc3 Ne4 14. Bxe4 dxe4 15. Nd2 Nb6 16. g5 hxg5 17. Bg3 Be6 18. Kb1 Na4 19. Rc1 Nxc3+ 20. Ka1 Nxa2 21. Qc5 Qxd2 22. Rc2 Qb4 23. Qxg5 Nc3 0-1

[Event "Titled Tuesday intern op 13th Feb Early"]
[Site "Chess.com INT"]
[Date "2024.02.13"]
[Round "2"]
[White "Batista Rosas, Nicolas Arturo"]
[Black "Jovic, Stanoje"]
[Result "1-0"]
[WhiteElo "2131"]
[BlackElo "2097"]
[PlyCount "83"]
[EventDate "2024.02.13"]
[EventType "swiss (blitz)"]
[EventRounds "11"]
[EventCountry "USA"]
[SourceTitle "CB08_2024"]
[SourceDate "2024.02.21"]
[SourceVersion "1"]
[SourceVersionDate "2024.02.21"]
[SourceQuality "1"]

1. d4 Nf6 2. c4 e6 3. Nc3 Bb4 4. f3 c5 5. d5 0-0 6. e4 d6 7. Nge2 b5 8. Nf4 bxc4 9. Bxc4 e5 10. Nfe2 Nfd7 11. 0-0 Nb6 12. Bb5 a6 13. Bc6 Nxc6 14. dxc6 Bxc3 15. Nxc3 Qc7 16. Nd5 Nxd5 17. exd5 f5 18. Qa4 Rb8 19. Bd2 Rxb2 20. Ba5 Qf7 21. Rab1 Rxb1 22. Rxb1 Qxd5 23. c7 e4 24. Rd1 Qe6 25. Qc6 exf3 26. Qxf3 Qxa2 27. Bc3 Qe6 28. Qg3 Qg6 29. Qxg6 hxg6 30. Rxd6 Kf7 31. Rc6 Ke7 32. Rxc5 Kd7 33. Bxg7 Re8 34. Be5 Bb7 35. Kf2 Re6 36. Bf4 Rc6 37. Rd5+ Ke6 38. Rd8 Rc2+ 39. Ke3 Rc3+ 40. Kd2 Rc4 41. g3 a5 42. Kd3 1-0

[Event "Titled Tuesday intern op 13th Feb Early"]
[Site "Chess.com INT"]
[Date "2024.02.13"]
[Round "3"]
[White "Bilan, Danila"]
[Black "Batista Rosas, Nicolas Arturo"]
[Result "0-1"]
[WhiteElo "2303"]
[BlackElo "2131"]
[PlyCount "122"]
[EventDate "2024.02.13"]
[EventType "swiss (blitz)"]
[EventRounds "11"]
[EventCountry "USA"]
[SourceTitle "CB08_2024"]
[SourceDate "2024.02.21"]
[SourceVersion "1"]
[SourceVersionDate "2024.02.21"]
[SourceQuality "1"]

1. d4 d5 2. Nf3 Nf6 3. c4 c6 4. Nc3 e6 5. Bg5 Be7 6. e3 Nbd7 7. Bd3 h6 8. Bh4 0-0 9. 0-0 dxc4 10. Bxc4 b5 11. Be2 Bb7 12. Rc1 Rc8 13. Ne5 b4 14. Na4 c5 15. Nxd7 Nxd7 16. Bg3 Qa5 17. b3 Rfd8 18. Bf3 Bxf3 19. Qxf3 cxd4 20. Rxc8 Rxc8 21. Qb7 Qd8 22. Qxa7 dxe3 23. fxe3 Nc5 24. Nb6 Rc6 25. Nc4 Ra6 26. Qc7 Qxc7 27. Bxc7 Rxa2 28. Ne5 Bf6 29. Nc6 Bc3 30. Be5 Nxb3 31. Ne7+ Kf8 32. Ng6+ Ke8 33. Bxc3 bxc3 34. Nf4 c2 35. Nd3 Nd2 36. Rc1 Nc4 37. Nb4 Rb2 38. Nxc2 Rb3 39. Kf2 Rc3 40. Ke2 Nxe3 41. Kd2 Rxc2+ 42. Rxc2 Nxc2 43. Kxc2 Ke7 44. Kd3 Kd6 45. Ke4 g5 46. g4 f6 47. Kd4 f5 48. h3 f4 49. Ke4 e5 50. Kf5 f3 51. Kg6 f2 52. Kxh6 f1Q 53. Kxg5 Qxh3 54. Kf5 e4 55. Kf6 Qxg4 56. Kf7 Qe6+ 57. Kf8 e3 58. Kg7 e2 59. Kh7 e1Q 60. Kh8 Qh1+ 61. Kg7 Qg2+ 0-1

[Event "Titled Tuesday intern op 13th Feb Early"]
[Site "Chess.com INT"]
[Date "2024.02.13"]
[Round "6"]
[White "Castaneda Jimenez, Jhon David"]
[Black "Batista Rosas, Nicolas Arturo"]
[Result "1-0"]
[WhiteElo "2120"]
[BlackElo "2131"]
[PlyCount "101"]
[EventDate "2024.02.13"]
[EventType "swiss (blitz)"]
[EventRounds "11"]
[EventCountry "USA"]
[SourceTitle "CB08_2024"]
[SourceDate "2024.02.21"]
[SourceVersion "1"]
[SourceVersionDate "2024.02.21"]
[SourceQuality "1"]

1. d4 d5 2. Nf3 Nf6 3. c4 c6 4. Nc3 e6 5. cxd5 exd5 6. Bg5 Be7 7. e3 Nbd7 8. h3 h6 9. Bf4 0-0 10. Bd3 Re8 11. Qc2 c5 12. 0-0 cxd4 13. exd4 Nf8 14. Rfe1 Ne6 15. Be5 b6 16. Qb3 Bb7 17. Bb5 Rf8 18. Rad1 Ne4 19. Bd3 Nxc3 20. bxc3 Rc8 21. Bb1 Bf6 22. Bh2 g6 23. Bxg6 Nxd4 24. Nxd4 Bxd4 25. Bxf7+ Rxf7 26. cxd4 Qf6 27. Rd2 Rcf8 28. Be5 Qg6 29. Re3 Kh7 30. Rg3 Qe4 31. Kh2 Ba6 32. Rg4 Qf5 33. Rf4 Qg6 34. Rxf7+ Rxf7 35. f3 Bc4 36. Qd1 b5 37. a3 a5 38. Qe1 b4 39. axb4 axb4 40. Rb2 b3 41. Qc3 Qf5 42. Rxb3 Bxb3 43. Qxb3 Qg6 44. Qxd5 Qf5 45. Qc6 Rd7 46. Qa8 Qe6 47. Qh8+ Kg6 48. Qf8 Rf7 49. Qg8+ Kh5 50. g4+ Kh4 51. Bg3# 1-0

[Event "Iberoamerican-ch 9th"]
[Site "Panama City"]
[Date "2023.11.28"]
[Round "5"]
[White "Batista Rosas, Nicolas Arturo"]
[Black "Baules Rodriguez, Jorge Luis"]
[Result "1/2-1/2"]
[WhiteElo "1930"]
[BlackElo "2283"]
[PlyCount "119"]
[EventDate "2023.11.25"]
[EventType "swiss"]
[EventRounds "9"]
[EventCountry "PAN"]
[SourceTitle "CB49_2023"]
[SourceDate "2023.12.06"]
[SourceVersion "1"]
[SourceVersionDate "2023.12.06"]
[SourceQuality "1"]

1. d4 d5 2. c4 dxc4 3. e3 Nf6 4. Bxc4 e6 5. Nf3 c5 6. 0-0 a6 7. b3 Nbd7 8. Bb2 Be7 9. Nc3 b5 10. Be2 Bb7 11. Rc1 0-0 12. a4 b4 13. Nb1 Rc8 14. Nbd2 Rc7 15. Nc4 Qa8 16. a5 Rd8 17. Qe1 Bd5 18. Qd2 Qb7 19. Rfd1 Ne4 20. Qc2 h6 21. Ne1 Nd6 22. Nb6 Nxb6 23. axb6 Rcc8 24. dxc5 Ne4 25. Bd4 Bxc5 26. Qa2 Nc3 27. Bxc3 bxc3 28. Rxc3 Qxb6 29. Qxa6 Qb4 30. Rdc1 Ra8 31. Qd3 Be7 32. Qb5 Ra2 33. Bf1 Qh4 34. R1c2 Rxc2 35. Rxc2 Bd6 36. h3 Qe4 37. Qb6 Be7 38. Bd3 Qe5 39. Qc7 Qxc7 40. Rxc7 Bd6 41. Ra7 Bxb3 42. Be4 f5 43. Bf3 Bf8 44. Rb7 Bc4 45. Nc2 e5 46. Bh5 Bd5 47. Rb5 Be4 48. Ne1 Bd6 49. Bf3 Ba8 50. Bxa8 Rxa8 51. Rd5 Ra6 52. Nd3 Kf7 53. g3 Rb6 54. Kg2 Ke6 55. Ra5 Rc6 56. Ra2 Kd5 57. Ne1 Bb4 58. Nd3 Bd6 59. Ra5+ Ke6 60. Ra2 1/2-1/2

[Event "Iberoamerican-ch 9th"]
[Site "Panama City"]
[Date "2023.11.26"]
[Round "3"]
[White "Solares Orozco, Kebert"]
[Black "Batista Rosas, Nicolas Arturo"]
[Result "1-0"]
[WhiteElo "2312"]
[BlackElo "1930"]
[PlyCount "85"]
[EventDate "2023.11.25"]
[EventType "swiss"]
[EventRounds "9"]
[EventCountry "PAN"]
[SourceTitle "CB49_2023"]
[SourceDate "2023.12.06"]
[SourceVersion "1"]
[SourceVersionDate "2023.12.06"]
[SourceQuality "1"]

1. d4 d5 2. Nf3 Nf6 3. g3 e6 4. Bg2 Be7 5. c4 c6 6. 0-0 0-0 7. Nc3 b6 8. Ne5 Bb7 9. e4 dxc4 10. a4 Nbd7 11. Nxc4 Rc8 12. Bf4 Ba6 13. Qb3 Nh5 14. Be3 e5 15. dxe5 Bxc4 16. Qxc4 Nxe5 17. Qe2 Nf6 18. Bh3 Ra8 19. Rfd1 Qe8 20. f4 Ned7 21. e5 Nd5 22. Nxd5 cxd5 23. Rxd5 Nc5 24. b4 Ne6 25. f5 Nc7 26. Rd4 Rd8 27. Qc4 Rxd4 28. Bxd4 Qd8 29. Bg2 Na6 30. f6 Bxb4 31. fxg7 Kxg7 32. e6+ f6 33. Bf2 Bc5 34. e7 Qxe7 35. Qxa6 Bxf2+ 36. Kxf2 Qc5+ 37. Kf1 f5 38. Qb7+ Rf7 39. Qd5 f4 40. Qxc5 fxg3+ 41. Ke2 bxc5 42. hxg3 Rd7 43. Rc1 1-0

[Event "Panama op 4th"]
[Site "Panama City"]
[Date "2023.11.10"]
[Round "8"]
[White "Batista Rosas, Nicolas Arturo"]
[Black "Camargo Silva, Samir"]
[Result "1-0"]
[WhiteElo "1930"]
[BlackElo "1616"]
[PlyCount "79"]
[EventDate "2023.11.06"]
[EventType "swiss"]
[EventRounds "9"]
[EventCountry "PAN"]
[SourceTitle "CB46_2023"]
[SourceDate "2023.11.15"]
[SourceVersion "1"]
[SourceVersionDate "2023.11.15"]
[SourceQuality "1"]

1. d4 Nf6 2. c4 c5 3. d5 e6 4. Nc3 exd5 5. cxd5 d6 6. e4 g6 7. f4 Bg7 8. Bb5+ Nfd7 9. a4 0-0 10. Nf3 Na6 11. 0-0 Nb4 12. h3 a6 13. Be2 Re8 14. Re1 Nf6 15. Bc4 Nd7 16. Be3 Qc7 17. Bf2 Nb6 18. Bf1 Nd7 19. Bg3 f6 20. Nd2 Rb8 21. Nc4 Nb6 22. e5 Nxc4 23. Bxc4 Bf5 24. Re2 Kh8 25. e6 Qa5 26. Be1 Bh6 27. g4 Bc2 28. Rxc2 Nxc2 29. Qxc2 Bxf4 30. Ne4 Qd8 31. Bc3 Be5 32. Rf1 Rf8 33. g5 fxg5 34. Bxe5+ dxe5 35. d6 Rf5 36. e7 Qd7 37. Qc3 Kg7 38. Rxf5 Qxf5 39. Ng3 Qf4 40. d7 1-0

[Event "Panama op 4th"]
[Site "Panama City"]
[Date "2023.11.06"]
[Round "1"]
[White "Cebrian Kant, Justo Jose"]
[Black "Batista Rosas, Nicolas Arturo"]
[Result "0-1"]
[WhiteElo "1055"]
[BlackElo "1930"]
[PlyCount "40"]
[EventDate "2023.11.06"]
[EventType "swiss"]
[EventRounds "9"]
[EventCountry "PAN"]
[SourceTitle "CB46_2023"]
[SourceDate "2023.11.15"]
[SourceVersion "1"]
[SourceVersionDate "2023.11.15"]
[SourceQuality "1"]

1. d4 d5 2. Nf3 Nf6 3. e3 c5 4. c3 Bg4 5. h3 Bxf3 6. Qxf3 e6 7. Bd3 Nc6 8. Nd2 Bd6 9. 0-0 0-0 10. Re1 e5 11. e4 exd4 12. exd5 Ne5 13. Qe2 Nxd5 14. Bxh7+ Kxh7 15. Qe4+ Kg8 16. f4 Nf6 17. Qxb7 Nd3 18. Rf1 Bxf4 19. Qf3 Nxc1 20. Qxf4 Ne2+ 0-1

[Event "World ol U16"]
[Site "Nakhchivan"]
[Date "2022.10.06"]
[Round "5.14"]
[White "Baghirov, Orkhan"]
[Black "Batista Rosas, Nicolas Arturo"]
[Result "1/2-1/2"]
[WhiteElo "1662"]
[BlackElo "1919"]
[PlyCount "62"]
[EventDate "2022.10.02"]
[EventType "team-swiss"]
[EventRounds "9"]
[EventCountry "AZE"]
[SourceTitle "CBM 210 Extra"]
[Source "ChessBase"]
[SourceDate "2022.11.30"]
[SourceVersion "1"]
[SourceVersionDate "2022.11.30"]
[SourceQuality "1"]
[WhiteTeam "Azerbaijan Sumgayit"]
[BlackTeam "Panama"]
[WhiteTeamCountry "AZE"]
[BlackTeamCountry "PAN"]

1. d4 d5 2. c4 c6 3. Nf3 Nf6 4. Qc2 e6 5. e3 Bd6 6. Nbd2 Nbd7 7. Bd3 0-0 8. 0-0 Qe7 9. e4 dxe4 10. Nxe4 Nxe4 11. Bxe4 f5 12. Bd3 c5 13. Bg5 Qf7 14. Be3 b6 15. dxc5 Nxc5 16. Bd4 Qc7 17. Qe2 Nxd3 18. Qxd3 Bb7 19. Rfe1 Bxf3 20. Qxf3 Qxc4 21. Red1 Rad8 22. b3 Qb5 23. Qe3 e5 24. Bb2 f4 25. Qe4 Bb8 26. Ba3 Rfe8 27. g3 h6 28. Qg6 fxg3 29. hxg3 Kh8 30. Be7 Rc8 31. Bf6 gxf6 1/2-1/2

[Event "Central America Carribean-ch U20"]
[Site "Pereira"]
[Date "2021.09.26"]
[Round "8"]
[White "Ramirez, Andres Felipe"]
[Black "Batista Rosas, Nicolas Arturo"]
[Result "0-1"]
[WhiteElo "1672"]
[BlackElo "1623"]
[PlyCount "102"]
[EventDate "2021.09.21"]
[EventType "swiss"]
[EventRounds "9"]
[EventCountry "COL"]
[SourceTitle "EXT 2023"]
[Source "ChessBase"]
[SourceDate "2022.10.05"]
[SourceVersion "1"]
[SourceVersionDate "2022.10.05"]
[SourceQuality "1"]

1. d4 d5 2. c4 c6 3. cxd5 cxd5 4. Nc3 Nc6 5. Bf4 a6 6. e3 Nf6 7. Bd3 Bg4 8. f3 Bh5 9. Nge2 e6 10. a3 Bg6 11. 0-0 Bd6 12. Bxd6 Qxd6 13. f4 Ne7 14. Ng3 Qd7 15. Bxg6 hxg6 16. Na4 Qd6 17. Nc5 b6 18. Qa4+ Kf8 19. Nd3 Ng4 20. Ne5 Nxh2 21. Rf2 f6 22. Qc2 Rh6 23. Ne2 Rc8 24. Qd3 Kg8 25. g3 fxe5 26. fxe5 Qc7 27. Rxh2 Rxh2 28. Kxh2 Qc2 29. Qxa6 Rc4 30. Re1 Qd2 31. Qxb6 Qxe1 32. Qxe6+ Kf8 33. Nf4 Qf1 34. Nxg6+ Nxg6 35. Qxg6 Qf7 36. Qd6+ Kg8 37. Qd8+ Kh7 38. Qh4+ Kg6 39. Qg4+ Kh6 40. Qf4+ Qxf4 41. gxf4 Kg6 42. Kg3 Kf5 43. Kf3 Rc2 44. b3 Rc3 45. Ke2 Rxb3 46. a4 Ra3 47. Kd2 Rxa4 48. Kd3 Ra3+ 49. Kd2 Ke4 50. e6 Rd3+ 51. Kc2 Rxe3 0-1

[Event "Central America Carribean-ch U20"]
[Site "Pereira"]
[Date "2021.09.24"]
[Round "6"]
[White "Cordoba Roa, Angel Gabriel"]
[Black "Batista Rosas, Nicolas Arturo"]
[Result "1-0"]
[WhiteElo "2055"]
[BlackElo "1623"]
[PlyCount "85"]
[EventDate "2021.09.21"]
[EventType "swiss"]
[EventRounds "9"]
[EventCountry "COL"]
[SourceTitle "EXT 2023"]
[Source "ChessBase"]
[SourceDate "2022.10.05"]
[SourceVersion "1"]
[SourceVersionDate "2022.10.05"]
[SourceQuality "1"]

1. Nf3 d5 2. g3 Nf6 3. Bg2 Bg4 4. d3 Nbd7 5. Nbd2 e5 6. 0-0 Bc5 7. Nb3 Bb6 8. c4 c6 9. cxd5 cxd5 10. Bd2 a5 11. a4 0-0 12. Rc1 Re8 13. h3 Bh5 14. g4 Bg6 15. Bg5 h6 16. Bh4 Qe7 17. Qd2 Nc5 18. Nxc5 Bxc5 19. Nxe5 Bb4 20. Nxg6 fxg6 21. Bxf6 Bxd2 22. Bxe7 Bxc1 23. Bxd5+ Kh7 24. Ba3 Bg5 25. Bxb7 Rab8 26. Be4 Bf6 27. Rb1 Rec8 28. b3 Rc3 29. Bd5 Rd8 30. Bc4 Rc2 31. e3 h5 32. Rc1 Ra2 33. Bc5 Bh4 34. Rf1 Rc8 35. d4 hxg4 36. hxg4 Kh6 37. Kg2 Re8 38. Kf3 Rc2 39. Bd3 Rd2 40. Bc4 Rc2 41. d5 Rd2 42. e4 Be7 43. Rh1+ 1-0

[Event "Central America Carribean-ch U20"]
[Site "Pereira"]
[Date "2021.09.23"]
[Round "4"]
[White "Cuartas Lozano, Santiago"]
[Black "Batista Rosas, Nicolas Arturo"]
[Result "0-1"]
[WhiteElo "1212"]
[BlackElo "1623"]
[PlyCount "64"]
[EventDate "2021.09.21"]
[EventType "swiss"]
[EventRounds "9"]
[EventCountry "COL"]
[SourceTitle "EXT 2023"]
[Source "ChessBase"]
[SourceDate "2022.10.05"]
[SourceVersion "1"]
[SourceVersionDate "2022.10.05"]
[SourceQuality "1"]

1. e4 c6 2. d4 d5 3. exd5 cxd5 4. Bd3 Nc6 5. c3 Nf6 6. Bf4 Bg4 7. Qb3 Na5 8. Qc2 Rc8 9. h3 Bh5 10. Nd2 e6 11. Ne2 Bd6 12. Bg5 Qc7 13. g3 Bg6 14. Bxf6 gxf6 15. h4 Nc6 16. Bxg6 hxg6 17. 0-0-0 Nb4 18. Qa4+ b5 19. Qxb5+ Ke7 20. Kb1 Rb8 21. Qa4 Nd3 22. Nb3 Nxf2 23. Nc5 Bxc5 24. dxc5 Nxh1 25. Rxh1 Qxc5 26. Nd4 Rhc8 27. Nb3 Qe3 28. Ka1 Rc4 29. Qa3+ Ke8 30. h5 gxh5 31. Nd4 Rxd4 32. Qa6 Rc4 0-1

[Event "Wch FIDE Online U14 America qual"]
[Site "Tornelo INT"]
[Date "2020.12.03"]
[Round "5"]
[White "Kulik, Nicolas"]
[Black "Batista Rosas, Nicolas Arturo"]
[Result "0-1"]
[WhiteElo "1561"]
[BlackElo "1630"]
[PlyCount "84"]
[EventDate "2020.12.01"]
[EventType "swiss (rapid)"]
[EventRounds "7"]
[EventCountry "ISS"]
[SourceTitle "EXT 2022"]
[Source "ChessBase"]
[SourceDate "2021.10.06"]
[SourceVersion "1"]
[SourceVersionDate "2021.10.06"]
[SourceQuality "1"]

1. e4 c6 2. Nf3 d5 3. Nc3 Bg4 4. h3 Bxf3 5. Qxf3 e6 6. d3 Nf6 7. Bg5 Be7 8. 0-0-0 h6 9. Be3 d4 10. e5 Nh7 11. Qg4 g5 12. Qxd4 Nd7 13. h4 Qa5 14. f4 g4 15. Qa4 Qc7 16. Ne4 b5 17. Qd4 c5 18. Nd6+ Bxd6 19. Qxd6 Qxd6 20. exd6 Nhf6 21. d4 Nd5 22. Bf2 c4 23. g3 h5 24. Bg2 N7f6 25. b3 Rc8 26. Rhe1 Kd7 27. bxc4 bxc4 28. Bf1 Kxd6 29. Rd2 Nc3 30. Kb2 Nfd5 31. Bg2 Rb8+ 32. Ka3 Nb1+ 33. Ka4 Nxd2 34. Bxd5 Kxd5 35. Rd1 c3 36. Re1 Nc4 37. a3 Rhc8 38. Bg1 Rc6 39. Re5+ Nxe5 40. dxe5 Rc4+ 41. Ka5 a6 42. Kxa6 Ra4# 0-1

[Event "Wch FIDE Online U14 America qual"]
[Site "Tornelo INT"]
[Date "2020.12.02"]
[Round "3"]
[White "Li, Eric"]
[Black "Batista Rosas, Nicolas Arturo"]
[Result "1-0"]
[WhiteElo "2109"]
[BlackElo "1630"]
[PlyCount "155"]
[EventDate "2020.12.01"]
[EventType "swiss (rapid)"]
[EventRounds "7"]
[EventCountry "ISS"]
[SourceTitle "EXT 2022"]
[Source "ChessBase"]
[SourceDate "2021.10.06"]
[SourceVersion "1"]
[SourceVersionDate "2021.10.06"]
[SourceQuality "1"]

1. d4 c6 2. c4 d5 3. Nf3 Nf6 4. Nc3 dxc4 5. a4 Bf5 6. Ne5 Nbd7 7. Nxc4 e6 8. f3 Bb4 9. e4 Bg6 10. Be2 0-0 11. 0-0 Qc7 12. Qb3 a5 13. Be3 Rfd8 14. Rac1 e5 15. dxe5 Nxe5 16. Bb6 Qe7 17. Bxd8 Rxd8 18. Nxe5 Qxe5 19. Rfd1 Rxd1+ 20. Rxd1 h6 21. g3 Qc5+ 22. Kg2 Qe3 23. Rd3 Qc1 24. Na2 Qe1 25. Qd1 Qxd1 26. Bxd1 Bc5 27. Bc2 Kf8 28. Rd8+ Ke7 29. Rb8 b6 30. Nc1 Nd7 31. Rc8 Kd6 32. Nd3 Bd4 33. b3 f5 34. Nf4 Bf7 35. exf5 Bf6 36. Ne6 Ne5 37. Be4 Kd7 38. Rb8 Bxe6 39. fxe6+ Kc7 40. Re8 Kd6 41. f4 Ng4 42. h3 Ne3+ 43. Kf3 Nd5 44. Bxd5 cxd5 45. f5 d4 46. Ke4 Kc5 47. g4 Kb4 48. e7 Kxb3 49. Rb8 Bxe7 50. Rxb6+ Kxa4 51. Kxd4 Bg5 52. Kc4 Ka3 53. Rb7 Bf6 54. h4 a4 55. Ra7 Bxh4 56. Rxg7 Ka2 57. Rg6 Bg5 58. f6 Kb2 59. f7 Be7 60. Re6 Bf8 61. Re8 Bg7 62. f8Q Bxf8 63. Rxf8 a3 64. Rf2+ Kb1 65. Kb3 Kc1 66. Kxa3 Kd1 67. Rh2 Ke1 68. Kb3 Kf1 69. Rc2 Ke1 70. Kc3 Kf1 71. Kd3 Ke1 72. Rd2 Kf1 73. Ke3 h5 74. gxh5 Kg1 75. Rf2 Kh1 76. Kf3 Kg1 77. Kg3 Kh1 78. Rf1# 1-0

[Event "Wch FIDE Online U14 America qual"]
[Site "Tornelo INT"]
[Date "2020.12.01"]
[Round "1"]
[White "Wang, Jason"]
[Black "Batista Rosas, Nicolas Arturo"]
[Result "1/2-1/2"]
[WhiteElo "2312"]
[BlackElo "1630"]
[PlyCount "111"]
[EventDate "2020.12.01"]
[EventType "swiss (rapid)"]
[EventRounds "7"]
[EventCountry "ISS"]
[SourceTitle "EXT 2022"]
[Source "ChessBase"]
[SourceDate "2021.10.06"]
[SourceVersion "1"]
[SourceVersionDate "2021.10.06"]
[SourceQuality "1"]

1. d4 c6 2. c4 d5 3. Nf3 Nf6 4. Qc2 g6 5. Bf4 Bg7 6. e3 0-0 7. Nc3 Bf5 8. Qb3 Qb6 9. c5 Qxb3 10. axb3 Nbd7 11. h3 h5 12. b4 a6 13. Nd2 Ne4 14. Nb3 e5 15. dxe5 Bxe5 16. Bxe5 Nxe5 17. Nd4 Nxc3 18. Nxf5 Nb5 19. Nd4 Nc4 20. b3 Ne5 21. Kd2 Rfe8 22. Be2 Nd7 23. Bd3 Nxd4 24. exd4 Nf8 25. Kc3 Ne6 26. g3 Ng5 27. h4 Ne4+ 28. Bxe4 Rxe4 29. Rhe1 Rae8 30. Rxe4 Rxe4 31. Kd3 Kf8 32. f3 Re6 33. Rg1 f5 34. g4 fxg4 35. fxg4 Re4 36. gxh5 gxh5 37. Rh1 Kg7 38. Rg1+ Kf7 39. Rf1+ Kg7 40. Rh1 Kf7 41. Rh2 Kg7 42. Rh3 Kf7 43. Rf3+ Kg7 44. Rg3+ Kf7 45. Rh3 Kg7 46. Rh1 Kf7 47. Kc3 Kg6 48. Kd3 Kf5 49. Rf1+ Rf4 50. Re1 Rxh4 51. Re7 Rh3+ 52. Kc2 Rh2+ 53. Kc3 Rh3+ 54. Kb2 Rh2+ 55. Kc1 h4 56. Rxb7 1/2-1/2